000 00988nam a2200265 a 4500
001 000020214
005 20200929170321.0
008 100727s1959 sp r 001 0 spa d
040 _aDO-SdBNP
_bspa
_cBNPHU
082 _a920.046
_bQ77v, 1959
100 1 _aQuintana, M. J.,
_d1783-1842
_qQuintana, Manuel José,
_942814
245 1 0 _aVida de españoles célebres /
_cM. J. Quintana.
246 1 1 _iEl Cid- Guzmán el bueno, Roger De Lauria
250 _a3a ed.
260 _aMadrid, (España) :
_bEspasa-Calpe,
_c1959.
300 _a144 p. ;
_c18 cm.
490 1 _aAustral. Anaranjada : libros políticos y documentos de la época ;
_v826
500 _aIncluye índice de autores.
500 _aIncluye referencias bibliográficas
650 4 _aEspaña
_xBiografías
_942815
651 4 _aEspaña
_xHistoria
_98844
740 3 _aEl Cid-Guzmán el bueno, Roger De Lauria
830 0 _aAustral.
_pAnaranjada : libros políticos y documentos de la época ;
_v826
_942816
049 _aBNGR
999 _c19719
_d19719